00623nam a22001577a 4500008004100000040005500041080002200096245003600118260007100154300000900225500002300234650001500257942001300272999001700285952016300302230529b |||||||| |||| 00| 0 eng d aNational Science LibrarycNational Science Library a6.009.01(540)bK9 aTransfer of technology to India aNew Delhi: bNational Council of Applied Economic Research, c1969 a95p. aVol. II Appendices aTechnology 2udccREF c35912d35912 00102udc3Vol. II, 1969406600901540_K970954707aNSLbNSLcGF/Rk-11/C-14/R-6d1977-12-24l0o6.009.01(540) K9p68141r2023-05-29 00:00:00w1977-12-24yREF